Statistics for Toronto Raptors 2015-2016 Roster

Click here to take the quiz!

General Stats

  • This quiz has been taken 222 times
  • The average score is 9 of 16

Answer Stats

Hint Answer % Correct
PGKyle Lowry
99%
SGDemar Derozan
97%
CJonas Valanciunas
73%
PGCory Joseph
71%
SGTerrence Ross
63%
SGNorman Powell
63%
PFPatrick Patterson
63%
SFDemarre Carroll
59%
CBismack Biyombo
52%
PGDelon Wright
46%
PFLuis Scola
45%
SFJames Johnson
41%
SFBruno Caboclo
40%
CLucas Nogueira
32%
PFJason Thompson
21%
PFAnthony Bennett
13%

Score Distribution

Percentile by Number Answered

Percent of People with Each Score

Your Score History

You have not taken this quiz